Брендология: правда и вымыслы о брендинге: пер. с англ.

Detaylı Bibliyografya
Yazar: Шульц Д. Е. Дон Е.
Diğer Yazarlar: Шульц Х. Ф. Хейди Ф.
Özet:Эта впервые публикуемая на русском языке книга написана супругами Доном и Хейди Шульц, признанными авторитетами в области рекламы и маркетинга в США и других странах с развитой рыночной экономикой в условиях информационного общества и глобализации. В данной книге освещается во многом скрытый истинный смысл и подлинная роль брендов, фирменных марок в бизнесе, раскрываются тайны брендинга, рекламы и маркетинга, выявляются секреты успешных и долговечных брендов. Авторы предостерегают бизнесменов — производителей товаров и услуг от чрезмерных и даже нецелесообразных капиталовложений в бренды, рекламу и в другие посреднические структуры. В книге разоблачаются «болтуны о бренде» — брендологи, которые паразитируют и наживаются на производителях реальной продукции, помогают манипулировать сознанием и поведением потребителей и подстрекают их к покупкам ненужных и иногда даже опасных товаров и услуг. Книга увлекательно написана, оригинально иллюстрирована и насыщена информацией, интересной и полезной как для. специалистов, так и для широкого круга читателей.
Dil:Rusça
Baskı/Yayın Bilgisi: Москва, РИПОЛ классик, 2006
Konular:
Materyal Türü: Kitap
KOHA link:https://koha.lib.tpu.ru/cgi-bin/koha/opac-detail.pl?biblionumber=124941

MARC

LEADER 00000nam0a2200000 4500
001 124941
005 20231101215912.0
010 |a 5790545254 
035 |a (RuTPU)RU\TPU\book\135214 
090 |a 124941 
100 |a 20071109d2006 km y0rusy50 ca 
101 1 |a rus  |c eng 
102 |a RU 
105 |a a z 001zy 
200 1 |a Брендология: правда и вымыслы о брендинге  |e пер. с англ.  |f Д. Е. Шульц, Х. Ф. Шульц 
210 |a Москва  |c РИПОЛ классик  |d 2006 
215 |a 256 с.  |c ил. 
320 |a Указатель: с. 246-255. 
330 |a Эта впервые публикуемая на русском языке книга написана супругами Доном и Хейди Шульц, признанными авторитетами в области рекламы и маркетинга в США и других странах с развитой рыночной экономикой в условиях информационного общества и глобализации. В данной книге освещается во многом скрытый истинный смысл и подлинная роль брендов, фирменных марок в бизнесе, раскрываются тайны брендинга, рекламы и маркетинга, выявляются секреты успешных и долговечных брендов. Авторы предостерегают бизнесменов — производителей товаров и услуг от чрезмерных и даже нецелесообразных капиталовложений в бренды, рекламу и в другие посреднические структуры. В книге разоблачаются «болтуны о бренде» — брендологи, которые паразитируют и наживаются на производителях реальной продукции, помогают манипулировать сознанием и поведением потребителей и подстрекают их к покупкам ненужных и иногда даже опасных товаров и услуг. Книга увлекательно написана, оригинально иллюстрирована и насыщена информацией, интересной и полезной как для. специалистов, так и для широкого круга читателей. 
606 |a Брендинг (Брэндинг)  |x Маркетинг  |2 stltpush  |3 (RuTPU)RU\TPU\subj\67546  |9 83303 
610 1 |a экономика 
610 1 |a маркетинг 
610 1 |a бренд 
610 1 |a брендология 
610 1 |a реклама 
610 1 |a США 
686 |a У821.4  |v LBC/SL-A  |2 rubbk 
700 1 |a Шульц  |b Д. Е.  |g Дон Е. 
701 1 |a Шульц  |b Х. Ф.  |g Хейди Ф. 
801 1 |a RU  |b 63413507  |c 20071109  |g PSBO 
801 2 |a RU  |b 63413507  |c 20191121  |g PSBO 
942 |c BK 
959 |a 78/20071106  |d 2  |e 214,72  |f АНЛ:1  |f ЧЗГЛ:1